| 000 | 01043cam a2200253 a 4500 | ||
|---|---|---|---|
| 001 | 3072043 | ||
| 005 | 20001114092421.0 | ||
| 008 | 970805s1998 nyu b 001 0 eng | ||
| 020 | _a0801434335 (cloth : alk. paper) | ||
| 040 |
_aDLC _cDLC _dDLC |
||
| 082 | 0 | 0 |
_a341 _221 _bINT |
| 245 | 0 | 0 |
_aInternational Law and Ethnic Conflict / _cedited by David Wippman. |
| 260 |
_aIthaca, N.Y. : _bCornell University Press, _c1998. |
||
| 300 |
_aviii, 354 p. ; _c25 cm. |
||
| 504 | _aIncludes bibliographical references and index. | ||
| 650 | 0 |
_aInternational law. _929343 |
|
| 650 | 0 |
_aEthnic conflict. _929344 |
|
| 653 |
_bPol _cMarch2012 |
||
| 700 | 1 |
_aWippman, David, _d1954- _929345 |
|
| 942 |
_2ddc _cBB |
||
| 999 |
_c16573 _d16573 |
||